| 000 | 00903cas a22002535a 4500 | ||
|---|---|---|---|
| 001 | ##L133977 | ||
| 008 | 060627n2006 xxkbr p a eng u | ||
| 022 | 1 | _a1754-9116 (Print) | |
| 022 | 1 | _a1754-9124 (Online) | |
| 035 | _a(Sirsi) u133977 | ||
| 041 | 0 | _aeng | |
| 110 | 2 |
_aRoyal Institution of Chartered Surveyors _bResidential Property Faculty _94304 |
|
| 240 | 0 | 0 | _aRICS Residential Property Journal |
| 245 | 0 | 4 |
_aThe Journal _bRICS Residential Property Journal _h[electronic resource] |
| 260 |
_aLondon _bRICS _c2006- |
||
| 362 | _aLondon: (1) April 2006- | ||
| 362 | 0 | _aEdinburgh: (1) April 2006- | |
| 554 | _aSix per year | ||
| 651 | 4 |
_aUnited Kingdom _y |
|
| 690 | _aPROPERTY-RESIDENTIAL PROPERTY | ||
| 780 | 0 | 0 | _tResidential Newsletter |
| 856 | 4 | 1 |
_uhttps://www.rics.org/site/scripts/downloads.aspx?categoryID=671 _zView the journal free of charge at www.rics.org/archive |
| 942 | _n0 | ||
| 999 |
_c118859 _d118859 |
||